The rooted city : European capitals and their connection with the landscape = De gewortelde stad : Europese hoofdsteden en hun verbinding met het landschap (Record no. 9580)

000 -LEADER
fixed length control field 00431nam a2200133 4500
003 - CONTROL NUMBER IDENTIFIER
control field OSt
005 - DATE AND TIME OF LATEST TRANSACTION
control field 20210705111345.0
008 - FIXED-LENGTH DATA ELEMENTS--GENERAL INFORMATION
fixed length control field 210705b ||||| |||| 00| 0 eng d
020 ## - INTERNATIONAL STANDARD BOOK NUMBER
International Standard Book Number 9789075271935
082 ## - DEWEY DECIMAL CLASSIFICATION NUMBER
Classification number 712
Item number TIM
100 ## - MAIN ENTRY--PERSONAL NAME
Personal name Timmermans, Wim
245 ## - TITLE STATEMENT
Title The rooted city : European capitals and their connection with the landscape = De gewortelde stad : Europese hoofdsteden en hun verbinding met het landschap
942 ## - ADDED ENTRY ELEMENTS (KOHA)
Source of classification or shelving scheme
Holdings
Withdrawn status Lost status Source of classification or shelving scheme Damaged status Koha normalized classification for sorting Not for loan Permanent location Current location Date acquired Full call number Barcode Date last seen Price effective from Koha item type
        712_000000000000000_TIM   BMS College of Architecture, Design and Planning BMS College of Architecture, Design and Planning 2021-07-05 712 TIM AR-RD126 2021-07-05 2021-07-05 R&D Books
Copyright © 2025, The Librarian, Library and Information Centre, BMSCA D&P, Bengaluru. All Rights Reserved
web counter

Powered by Koha